| 000 | 00533cam a2200169ua 4500 | ||
|---|---|---|---|
| 020 |
_a81 204 0116 6 _c145.00 |
||
| 041 |
_aeng _h |
||
| 082 |
_a028.7639 _bTRI/FI |
||
| 100 | _aTrivedi, K K . | ||
| 245 |
_aFisheries development:2000AD proceedings of an international conference held at Newdelhi,February 4-6,1985 / _cK K Trivedi. _hTextual Documents |
||
| 260 |
_aNew Delhi : _bOxford & IBH Publishing company , _c1986. |
||
| 300 | _a269 ; . | ||
| 365 | _a145.00 | ||
| 504 | _a | ||
| 942 | _cBK | ||
| 999 |
_c10691 _d10691 |
||